000 00305nam a22001457a 4500
008 230615b ||||| |||| 00| 0 eng d
020 _a9781401901295
041 _aeng
080 _a61
082 _a61BOE
100 _a3
101 _aMJKP
245 _aDOCTORS CRY,TOO
_cBOEHM.H.F
942 _2udc
_cBK
999 _c59987
_d59987